| 000 | 01164caa a22002417a 4500 | ||
|---|---|---|---|
| 999 |
_c422290 _d422290 |
||
| 001 | 133475 | ||
| 003 | UA-OsUOA | ||
| 005 | 20200129132130.0 | ||
| 007 | ta | ||
| 008 | 20181024b un ||||| |||| 00| 0 ukr d | ||
| 040 |
_aUA-OsUOA _brus _cUA-OsUOA _dUA-OsUOA |
||
| 041 | _arus | ||
| 080 | _a908 | ||
| 090 |
_a908 _bЗ-40 |
||
| 100 | _aКовальский Н. П. | ||
| 245 | _aЗаявление, сделанное под присягой острожским бурмистром А. Романовичем в Луцком гродском суде о размере налогов, взымаемых с ремесленников города Острога. 24 октября 1635 г. | ||
| 300 | _aС. 77–78 | ||
| 650 | 7 |
_a908 Краєзнавство _2UDC |
|
| 773 | 0 |
_0326881 _9348885 _aКовальский Н.П. _dДнепропетровск ДГУ 1982 _o87869 _tИсточники по социально-экономической истоирии Украины XVI- первой половины XVII века _w(UA-OsUOA) 40744 |
|
| 942 |
_cBKA _2udc |
||
| 955 | _a1 | ||